Miasta Podlasia - Statystyki

Ogólne statystyki
  • Ten quiz został rozwiązany 55 razy
  • Średni wynik to 2 z 17
Answers on the Grid
Answers color-coded by a green-red scale on the quiz's grid according to % correct below.
Zambrów
Wysokie Mazowieckie
Węgrów
Szczuczyn
Suwałki
Sokołów Podlaski
Sokółka
Sejny
Nowogród
Mońki
Michałowo
Łomża
Łapy
Krynki
Kosów Lacki
Kolno
Knyszyn
Kleszczele
Jedwabne
Hajnówka
Grajewo
Goniądz
Drohiczyn
Ciechanowiec
Choroszcz
Brańsk
Bielsk Podlaski
Białystok
Biała Podlaska
Augustów
 
Statystyki odpowiedzi
Odpowiedź % Poprawnych
Bielsk Podlaski
32%
Białystok
28%
Hajnówka
28%
Augustów
24%
Brańsk
20%
Drohiczyn
20%
Choroszcz
16%
Łapy
16%
Sokołów Podlaski
16%
Mońki
12%
Ciechanowiec
8%
Knyszyn
8%
Wysokie Mazowieckie
8%
Goniądz
4%
Kleszczele
4%
Kosów Lacki
0%
Węgrów
0%
Nie znaleziono quizów pasujących do podanych kryteriów
Rozkład punktacji
Procent ludzi z każdym wynikiem
Percentyl według liczby udzielonych odpowiedzi
Twoja historia wyników
Nie rozwiązałeś tego quizu